Cargando...
BASKET BALL
| Otros Autores: | |
|---|---|
| Formato: | Printed Book |
| Lenguaje: | English |
| Publicado: |
DELHI
KHEL SAHITHYA KENDRA
|
| LEADER | 00365nam a22001217a 4500 | ||
|---|---|---|---|
| 008 | 200615b ||||| |||| 00| 0 eng d | ||
| 999 | |c 350683 |d 350683 | ||
| 020 | |a 9788175244011 | ||
| 245 | |a BASKET BALL | ||
| 260 | |a DELHI |b KHEL SAHITHYA KENDRA | ||
| 700 | |a SHARMA,J.P | ||
| 942 | |c BK | ||
| 952 | |0 0 |1 0 |2 ddc |4 0 |7 0 |9 405069 |a DPE |b DPE |c ST1 |d 2020-06-15 |l 0 |p DPE1541 |r 2020-06-15 |w 2020-06-15 |y BK | ||